| 000 | 01313cam a22003491i 4500 | ||
|---|---|---|---|
| 001 | 8738673 | ||
| 003 | EG-ScBUE | ||
| 005 | 20240703084927.0 | ||
| 008 | 721229s1927 maucf f 000 0deng d | ||
| 020 | _a1163142182 | ||
| 020 | _a9781163142189 | ||
| 035 | _a(OCoLC)526406 | ||
| 040 |
_aDLC _beng _erda _cOAU _dDLC _dEG-ScBUE |
||
| 043 |
_an-us--- _ae-fr--- |
||
| 082 | 0 | 4 |
_222 _a973.5092 _bMAY |
| 100 | 1 |
_aMayo, Abigail De Hart, _d1761-1843, _eauthor. _924557 |
|
| 245 | 1 | 3 |
_aAn American lady in Paris, 1828-1829 : _bthe diary of Mrs. John Mayo / _ceited by Mary Mayo Crenshaw. |
| 264 | 1 |
_aBoston ; _aNew York : _bHoughton Mifflin company, _c1927. |
|
| 300 |
_axvii, 144 pages : _bplates, portraits ; _c23 cm |
||
| 336 |
_2rdacontent _atext _btxt |
||
| 337 |
_aunmediated _2rdamedia _bn |
||
| 338 |
_avolume _bnc _2rdacarrier |
||
| 600 | 1 | 7 |
_924557 _aMayo, Abigail De Hart, _d1761-1843. _2BUEsh |
| 650 | 7 |
_aAmericans _zFrance _zParis _xHistory _y19th century. _2BUEsh _924558 |
|
| 651 | 7 |
_aParis (France) _xDescription and travel. _2BUEsh _924559 |
|
| 651 | 7 |
_aParis (France) _xSocial life and customs _y19th century. _2BUEsh _924560 |
|
| 653 | _cJune2011 | ||
| 655 | _vReading book | ||
| 700 | 1 |
_aCrenshaw, Mary Mayo, _eeditor. _924561 |
|
| 856 | 4 | 1 |
_dgcfr _f0042 _qo _uhttp://hdl.loc.gov/loc.gdc/gcfr.0042 |
| 942 |
_2ddc _cBB |
||
| 999 |
_c15502 _d15502 |
||